|
|
|
|
| LEADER |
01342nam a2200373Ia 4500 |
| 001 |
EBC689995 |
| 003 |
MiAaPQ |
| 005 |
20200520144314.0 |
| 006 |
m o d | |
| 007 |
cr cn||||||||| |
| 008 |
091027s2009 enka sb 001 0 eng d |
| 020 |
|
|
|z 9781855754027
|
| 020 |
|
|
|z 1855754029
|
| 035 |
|
|
|a (MiAaPQ)EBC689995
|
| 035 |
|
|
|a (Au-PeEL)EBL689995
|
| 035 |
|
|
|a (CaPaEBR)ebr10419969
|
| 035 |
|
|
|a (CaONFJC)MIL277933
|
| 035 |
|
|
|a (OCoLC)723944248
|
| 040 |
|
|
|a MiAaPQ
|c MiAaPQ
|d MiAaPQ
|
| 050 |
|
4 |
|a HF5549.5.T7
|b S87 2009
|
| 082 |
0 |
4 |
|a 658.4071245
|2 22
|
| 245 |
0 |
0 |
|a Supervisor training
|h [electronic resource] :
|b issues and approaches /
|c edited by Penny Henderson.
|
| 260 |
|
|
|a London :
|b Karnac,
|c 2009.
|
| 300 |
|
|
|a xxiii, 252 p. :
|b ill.
|
| 490 |
1 |
|
|a Guide to supervision ;
|v 2
|
| 504 |
|
|
|a Includes bibliographical references and index.
|
| 533 |
|
|
|a Electronic reproduction. Ann Arbor, MI : ProQuest, 2015. Available via World Wide Web. Access may be limited to ProQuest affiliated libraries.
|
| 650 |
|
0 |
|a Supervisors
|x Training of.
|
| 650 |
|
0 |
|a Employees
|x Training of.
|
| 655 |
|
4 |
|a Electronic books.
|
| 700 |
1 |
|
|a Henderson, Penny.
|
| 710 |
2 |
|
|a ProQuest (Firm)
|
| 830 |
|
0 |
|a Guide to supervision series ;
|v 2.
|
| 856 |
4 |
0 |
|u https://ebookcentral.proquest.com/lib/matrademy/detail.action?docID=689995
|z Click to View
|